000 01170 a2200217 4500
003 MN-UlNLM
005 20220623130517.0
008 a130t2013 mp ||||| |||| 00| 0 mon d
020 _a99962-54-50-Х
040 _aМонгол Улсын Үндэсний номын сан
084 _a82.3(5)
_2NNA
_bА 341
_q82
245 0 _aАзи, Дорно дахины үлгэрүүд
_cОрч. Н.Энхбаяр.
260 1 _c2013
_aУБ
_bСодпресс
300 _a420х
546 _aMongolia
653 _aАрдын аман зохиол,утга зохиол
_aҮлгэр
740 _aАрабын орнуудын ард түмний үлгэрүүд.
_aАфган ардын үлгэр.
_aАфрикийн улс үндэстнүүдийн үлгэр.
_aВьетнам үлгэрүүд.
_aИзрайль ардын үлгэр.
_aЭнэтхэг ардын үлгэр.
_aИндонез ардын үлгэр.
_aХятад ардын үлгэр.
_aСолонгос ардын үлгэр.
_aПерс үлгэрүүд.
_aМонгол ардын үлгэр.
_aТурк үлгэрүүд.
_aЯпон үлгэрүүд.
856 _aprintbook
942 _cBK
999 _c63327
_d63327